000 00405nam a22001577a 4500
003 OSt
008 220511b ||||| |||| 00| 0 eng d
020 _a9789313166757
100 _aPREMKISHAN, Jaikishan
245 _aHow to Crack Test of Reasoning in All Competitive Examinations
250 _aRep
260 _aNew Delhi
_bArihant
_c2022
300 _a442
650 _aGENERAL Book
942 _2ddc
_cBK
999 _c11200
_d11200